000 00644nam a2200205 i 4500
001 44633
003 ES-MaACL
005 20250930063051.0
007 t|
008 030321s1952 sp ||||1| spa d
100 1 _aClarasó, Noel,
_d1899-1985
_939003
245 1 0 _aVive más, vive mejor, aprende a gozar la vida... /
_cNoel Clarasó.
250 _a1ª ed.
260 _aBarcelona :
_bAymá,
_c1952 (
_fAleu y Domingo)
300 _a190 p. ;
_c18 cm.
490 1 _aVivir es saber. Saber es vivir ;
_v1
830 0 _aVivir es saber. Saber es vivir ;
_v1
_9182014
852 _aES-MaACL
_jD-7951
_bR.32418
999 _c44633
_d44633